000 00933nam a2200253Ia 4500
003 OSt
005 20220923224656.0
006 a|||||r|||| 00| 0
007 ta
008 220922b |||||||| |||| 00| 0 hin d
024 _a248,709
037 _cTextual
040 _aARTS
_cARTS
_bhin
041 _2hin
_ahin
082 _aO152vN3, J2
100 _aस्नातक, विजयेन्द्र
245 0 _aहिन्दी साहित्य का संक्षिप्त इतिहास
246 _aHindī sāhitya kā sankṣpunta itihāsa
260 _aदिल्ली
_b रणजीत प्रिंटर्ज एंड पब्लिशर्ज़
_c1952
300 _a284पृ.
_ccm.
650 _aहिन्दी साहित्य
_9156264
942 _hO152vN3, J2
_cTEXL
_2CC
999 _c372875
_d372875